কুন্তীর বস্ত্রহরণ / (Record no. 13793)
[ view plain ]
| 000 -LEADER | |
|---|---|
| fixed length control field | 00697nam a2200229 a 4500 |
| 001 - CONTROL NUMBER | |
| JCCL Control Number | 13793 |
| 003 - CONTROL NUMBER IDENTIFIER | |
| JCCL marc code | BD-JhCC |
| 005 - DATE AND TIME OF LATEST TRANSACTION | |
| control field | 20240322112839.0 |
| 008 - FIXED-LENGTH DATA ELEMENTS--GENERAL INFORMATION | |
| fixed length control field | 240322b20212023b |||| ||a| 000 0 b d |
| 020 ## - INTERNATIONAL STANDARD BOOK NUMBER | |
| International Standard Book Number | 9789845101486 |
| 035 ## - SYSTEM CONTROL NUMBER | |
| system control number | (BD-JhCC)13793 |
| 040 ## - CATALOGING SOURCE | |
| Original cataloging agency | BD-JhCC |
| Modifying agency | BD-JhCC |
| 041 ## - LANGUAGE CODE | |
| Language code of Book | ben |
| 082 ## - DEWEY DECIMAL CLASSIFICATION NUMBER | |
| Classification number | 891.443 |
| Author mark and Year | JAL 2023 |
| 100 ## - MAIN ENTRY--PERSONAL NAME | |
| Personal name | জলদাস, হরিশংকর |
| 245 ## - TITLE STATEMENT | |
| Title | কুন্তীর বস্ত্রহরণ / |
| Remainder of title | হরিশংকর জলদাস |
| 260 ## - PUBLICATION, DISTRIBUTION, ETC. (IMPRINT) | |
| Place of publication, distribution, etc | ঢাকা: |
| Name of publisher, distributor, etc | কথাপ্রকাশ; |
| Date of publication, distribution, etc | 2023. |
| 300 ## - PHYSICAL DESCRIPTION | |
| Pagination | 119 p. : |
| Dimensions | 22 cm. |
| 650 ## - SUBJECT ADDED ENTRY--TOPICAL TERM | |
| Topical term or geographic name as entry element | ঐতিহাসিক উপন্যাস |
| 942 ## - ADDED ENTRY ELEMENTS (KOHA) | |
| Source of classification or shelving scheme | Dewey Decimal Classification |
| Koha item type | Books |
| Source of classification or shelving scheme | Damaged status | Not for loan | Home library | Current library | Shelving location | Date of accession | Cost, normal purchase price | Total Checkouts | Full call number | Barcode | Date last seen | Date checked out | Copy number | Method of acquisition | Koha item type | Currency | Checked out |
|---|---|---|---|---|---|---|---|---|---|---|---|---|---|---|---|---|---|
| Dewey Decimal Classification | JCC Rouf Library | JCC Rouf Library | General Stacks | 250.00 | 1 | 891.443 JAL 2023 | 18847 | 01/27/2025 | 11/04/2024 | C-1 | Purchase | Books | BDT | ||||
| Dewey Decimal Classification | JCC Rouf Library | JCC Rouf Library | General Stacks | 250.00 | 1 | 891.443 JAL 2023 | 18848 | 06/06/2024 | 06/06/2024 | C-2 | Purchase | Books | BDT | 07/11/2024 |